Music Quiz

Random Music or Album Quiz

Weird Al Yankovic Songs Quiz Stats

 Plays Quiz Updated Mar 9, 2020

Support Sporcle.
Go Orange.
Score 0/163 Timer 20:00
0 Plays Today
Songs % Correct
Eat It
78%
Fat
75.8%
Amish Paradise
72%
White And Nerdy
68.1%
Like A Surgeon
61.2%
Dare To Be Stupid
57.6%
Smells Like Nirvana
56%
Tacky
54.5%
Foil
53.3%
Another One Rides The Bus
52.1%
Word Crimes
52.1%
The Saga Begins
51%
Yoda
49.9%
Handy
48.1%
Jurassic Park
47.6%
UHF
47.1%
I Lost On Jeopardy
44.8%
Polka Party
44.7%
My Bologna
43.6%
Ebay
43.2%
I Love Rocky Road
42.1%
Albuquerque
41.4%
Perform This Way
38.3%
The Night Santa Went Crazy
38.1%
Ricky
38%
Gump
37.2%
Trapped In The Drive-Thru
37.1%
NOW That's What I Call Polka!
37%
It's All About The Pentiums
36.9%
Money For Nothing
36.2%
Christmas At Ground Zero
35.7%
Bedrock Anthem
35.6%
Angry White Boy Polka
35.5%
Sports Song
35.5%
Lasagna
35.3%
Polka Your Eyes Out
34.8%
Canadian Idiot
34.8%
Couch Potato
34.5%
Jackson Park Express
34.3%
Don't Download This Song
34%
The White Stuff
33.6%
First World Problems
33.6%
You Don't Love Me Anymore
33.3%
Bohemian Polka
33.1%
One More Minute
33.1%
Pretty Fly For A Rabbi
32.9%
Living With A Hernia
32.5%
Polka Face
32.1%
Inactive
32%
I Want A New Duck
31.9%
Hardware Store
31.7%
Lame Claim to Fame
31.6%
Everything You Know Is Wrong
31.6%
Theme From Rocky XIII (The Rye Or The Kaiser)
31.5%
Party in the CIA
31.4%
Songs % Correct
The Alternative Polka
31.4%
Nature Trail To Hell
31.3%
Polkas On 45
31.2%
Girls Just Want To Have Lunch
31%
Grapefruit Diet
31%
Mission Statement
30.9%
Phony Calls
30.7%
A Complicated Song
30.7%
Bob
30.5%
Addicted To Spuds
30.3%
Frank's 2000' TV
30%
The Biggest Ball Of Twine In Minnesota
30%
Genius In France
29.8%
Jerry Springer
29.6%
Stuck In A Closet With Vanna White
29.1%
Ode To A Superhero
29%
Harvey The Wonder Hamster
28.9%
Taco Grande
28.8%
I Think I'm A Clone Now
28.7%
CNR
28.4%
Spam
28.4%
King Of Suede
28.4%
Livin' In The Fridge
28.4%
Mr. Frump In The Iron Lung
28.3%
(This Song's Just) Six Words Long
28.3%
The Brady Bunch
28.1%
Melanie
28.1%
My Baby's In Love With Eddie Vedder
28.1%
Pancreas
28%
Trigger Happy
28%
Polkarama!
27.9%
I Can't Watch This
27.6%
Germs
27.5%
Polka Power
27.5%
My Own Eyes
27.3%
Your Horoscope For Today
27.3%
Weasel Stomping Day
27.1%
Happy Birthday
27%
The Weird Al Show Theme
26.6%
TMZ
26.5%
Spatula City
26.5%
Achy Breaky Song
26.4%
I'll Sue Ya
26.1%
Craigslist
26%
The Hot Rocks Polka
25.9%
Skipper Dan
25.9%
Dog Eat Dog
25.6%
Gotta Boogie
25.5%
Stop Draggin' My Car Around
25.5%
This Is The Life
25.5%
Gandhi II
25.3%
Virus Alert
25.1%
Airline Amy
25.1%
Truck Drivin' Song
25%
I Remember Larry
24.8%
Songs % Correct
Midnight Star
24.6%
Cavity Search
24.4%
George Of The Jungle
24.4%
Confessions Part III
24.3%
Slime Creatures From Outer Space
24.2%
Do I Creep You Out?
24.2%
Good Old Days
24.1%
Since You've Been Gone
24.1%
Trash Day
24%
Alimony
23.9%
Buckingham Blues
23.9%
Cable TV
23.7%
Whatever You Like
23.7%
Buy Me A Condo
23.6%
Mr. Popeil
23.3%
Hooked On Polkas
23.2%
Young, Dumb And Ugly
23.1%
Close But No Cigar
23%
She Drives Like Crazy
22.9%
Twister
22.9%
Stop Forwarding that Crap to Me
22.6%
Syndicated Inc.
22.6%
Party At The Leper Colony
22.6%
Callin' In Sick
22.5%
The Check's In The Mail
22.2%
Attack Of The Radioactive Hamsters From A Planet Near Mars
22.2%
Velvet Elvis
21.7%
Another Tattoo
21.6%
Toothless People
21.5%
Waffle King
21.4%
The Plumbing Song
21.4%
Here's Johnny
21.2%
Isle Thing
21.1%
Ringtone
21%
Let Me Be Your Hog
20.9%
I'll Be Mellow When I'm Dead
20.8%
When I Was Your Age
20.8%
Why Does This Always Happen To Me?
20.6%
That Boy Could Dance
20.6%
Traffic Jam
20.5%
You Make Me
20.5%
Wanna B Ur Lovr
20.3%
Fun Zone
19.8%
Talk Soup
19.6%
Such A Groovy Guy
19.4%
Good Enough For Now
19.4%
Don't Wear Those Shoes
18.8%
She Never Told Me She Was A Mime
18.7%
Generic Blues
18.6%
I Was Only Kidding
18.3%
I'm So Sick Of You
18.1%
If That Isn't Love
18%
One Of Those Days
16.4%

From the Vault

World Turkey Population

by Booger

We know you'll just gobble up this quiz.
Remove Ads.
Support Sporcle.
Get the best of Sporcle when you Go Orange. This ad-free experience offers more features, more stats, and more fun while also helping to support Sporcle. Thank you for becoming a member.

Show Comments

Extras

Top Quizzes Today


Score Distribution

Your Account Isn't Verified!

In order to create a playlist on Sporcle, you need to verify the email address you used during registration. Go to your Sporcle Settings to finish the process.

Report this User

Report this user for behavior that violates our Community Guidelines.

Details: